[Event "Badalona op-B 41st"]
[Site "Badalona"]
[Date "2015.08.09"]
[Round "8"]
[White "Riu Lopez, Sergio"]
[Black "Magallanes, Gustavo"]
[Result "1/2-1/2"]
[WhiteElo "2069"]
[BlackElo "2146"]
[PlyCount "51"]
[EventDate "2015.08.02"]
[EventType "swiss"]
[EventRounds "9"]
[EventCountry "ESP"]
[SourceTitle "EXT 2016"]
[Source "ChessBase"]
[SourceDate "2015.10.08"]
[SourceVersion "1"]
[SourceVersionDate "2015.10.08"]
[SourceQuality "1"]

1. e4 c5 2. Nf3 e6 3. d4 cxd4 4. Nxd4 Nc6 5. Nc3 Qc7 6. Be2 a6 7. Be3 Nf6 8. 0-0 Bb4 9. Nxc6 bxc6 10. Qd3 d5 11. exd5 cxd5 12. Bd4 Be7 13. f4 Bc5 14. Kh1 Bxd4 15. Qxd4 0-0 16. Bd3 Rb8 17. Rae1 Qa5 18. Re3 Rb4 19. Qe5 Ng4 20. Qh5 f5 21. Rg3 g6 22. Rxg4 fxg4 23. Bxg6 hxg6 24. Qxg6+ Kh8 25. Qh6+ Kg8 26. Qg6+ 1/2-1/2

[Event "Badalona op-B 41st"]
[Site "Badalona"]
[Date "2015.08.03"]
[Round "2"]
[White "Riu Lopez, Sergio"]
[Black "Palacios Pena, Gerardo"]
[Result "1/2-1/2"]
[WhiteElo "2069"]
[BlackElo "2152"]
[PlyCount "150"]
[EventDate "2015.08.02"]
[EventType "swiss"]
[EventRounds "9"]
[EventCountry "ESP"]
[SourceTitle "EXT 2016"]
[Source "ChessBase"]
[SourceDate "2015.10.08"]
[SourceVersion "1"]
[SourceVersionDate "2015.10.08"]
[SourceQuality "1"]

1. e4 d5 2. exd5 Qxd5 3. Nc3 Qa5 4. d4 Nf6 5. Nf3 Bg4 6. h3 Bh5 7. g4 Bg6 8. Ne5 Nbd7 9. Nc4 Qa6 10. Bf4 Qe6+ 11. Qe2 Qxe2+ 12. Bxe2 c6 13. 0-0-0 e6 14. Nd6+ Bxd6 15. Bxd6 0-0-0 16. Bg3 Nb6 17. Rhf1 Nbd5 18. Nxd5 Nxd5 19. Bc4 h5 20. Rfe1 hxg4 21. hxg4 Rh7 22. a3 Nf6 23. f3 Nd5 24. Bf1 Rh1 25. Bg2 Rxe1 26. Rxe1 Nb6 27. Be5 Rg8 28. Bf1 Nd7 29. Bf4 Rh8 30. Bc4 Rh3 31. Re3 Nf6 32. Kd2 Kd7 33. Be5 Ne8 34. a4 Nf6 35. Rb3 Kc8 36. a5 Nd7 37. Bf4 Rh1 38. a6 b5 39. Be2 Nb6 40. Rc3 Kd7 41. Bb8 Nd5 42. Ra3 Rh8 43. Bxa7 Ra8 44. Bc5 Nc7 45. a7 Kc8 46. Bd3 Bxd3 47. Kxd3 Kb7 48. c4 Na6 49. cxb5 cxb5 50. Ra5 Nxc5+ 51. dxc5 Rxa7 52. Rxa7+ Kxa7 53. b4 f6 54. Ke4 g5 55. f4 gxf4 56. Kxf4 Kb7 57. g5 fxg5+ 58. Kxg5 Kc6 59. Kf6 Kd5 60. c6 Kd6 61. c7 Kxc7 62. Kxe6 Kc6 63. Ke5 Kc7 64. Kd5 Kb6 65. Kd6 Kb7 66. Kc5 Ka6 67. Kc6 Ka7 68. Kc7 Ka6 69. Kc6 Ka7 70. Kxb5 Kb7 71. Kc5 Kc7 72. b5 Kb7 73. b6 Kb8 74. Kc6 Kc8 75. b7+ Kb8 1/2-1/2

[Event "Barcelona Sant Marti op-B 17th"]
[Site "Barcelona"]
[Date "2015.07.20"]
[Round "8"]
[White "Ros Montes, Daniel"]
[Black "Riu Lopez, Sergio"]
[Result "0-1"]
[WhiteElo "2039"]
[BlackElo "2018"]
[PlyCount "146"]
[EventDate "2015.07.13"]
[EventType "swiss"]
[EventRounds "9"]
[EventCountry "ESP"]
[SourceTitle "EXT 2016"]
[Source "ChessBase"]
[SourceDate "2015.10.08"]
[SourceVersion "1"]
[SourceVersionDate "2015.10.08"]
[SourceQuality "1"]

1. e4 e5 2. Nf3 Nc6 3. d4 exd4 4. Nxd4 Bc5 5. Nb3 Bb6 6. Qe2 d6 7. Nc3 Nge7 8. Be3 Be6 9. 0-0-0 Qc8 10. Nd5 0-0 11. Qd2 Ng6 12. h4 Nge5 13. f3 Bxd5 14. exd5 Ne7 15. Be2 Nf5 16. Bxb6 axb6 17. f4 Nd7 18. Kb1 Nf6 19. Bd3 Ng3 20. Rhe1 Re8 21. Rxe8+ Qxe8 22. Re1 Qa4 23. a3 Nge4 24. Bxe4 Nxe4 25. Qd4 Qxd4 26. Nxd4 Re8 27. Kc1 Kf8 28. c4 Nc5 29. Rxe8+ Kxe8 30. Kd2 g6 31. g4 Ke7 32. b4 Ne4+ 33. Ke3 Ng3 34. Kf3 Nf1 35. Ke4 Nd2+ 36. Kd3 Nf1 37. Nf3 Ng3 38. Ng5 h5 39. gxh5 Nxh5 40. Ke4 Ng3+ 41. Kf3 Nf5 42. h5 gxh5 43. Ke4 Ng3+ 44. Kf3 Nf1 45. Ke2 Nh2 46. Ne4 Ng4 47. Ng3 Nf6 48. Kf3 c6 49. dxc6 bxc6 50. Nf5+ Kd7 51. a4 d5 52. cxd5 Nxd5 53. b5 c5 54. Ng3 h4 55. Ne4 h3 56. f5 h2 57. Kg2 Ne3+ 58. Kxh2 Nxf5 59. Kg2 Nd6 60. Nc3 Nc4 61. Kf3 Ke6 62. Ke4 f6 63. Kd3 Ne5+ 64. Ke4 f5+ 65. Kf4 Nd3+ 66. Ke3 Nb4 67. Kf4 Nd5+ 68. Nxd5 Kxd5 69. Kxf5 Kc4 70. a5 Kxb5 71. axb6 Kxb6 72. Ke4 Kb5 73. Kd3 Kb4 0-1

[Event "Barcelona Sant Marti op-B 17th"]
[Site "Barcelona"]
[Date "2015.07.18"]
[Round "6"]
[White "Chakrabarti, Tamal"]
[Black "Riu Lopez, Sergio"]
[Result "0-1"]
[WhiteElo "2009"]
[BlackElo "2018"]
[PlyCount "168"]
[EventDate "2015.07.13"]
[EventType "swiss"]
[EventRounds "9"]
[EventCountry "ESP"]
[SourceTitle "EXT 2016"]
[Source "ChessBase"]
[SourceDate "2015.10.08"]
[SourceVersion "1"]
[SourceVersionDate "2015.10.08"]
[SourceQuality "1"]

1. e4 e5 2. Nf3 Nc6 3. Bc4 Bc5 4. c3 Nf6 5. d3 d6 6. Bb3 0-0 7. Bg5 h6 8. Bh4 Be6 9. Bc2 Qe7 10. Nbd2 Rfe8 11. h3 a5 12. Ba4 Rab8 13. Bb5 Rec8 14. a4 Na7 15. Bc4 Bxc4 16. dxc4 Nc6 17. Qe2 Qe6 18. g4 Kf8 19. Nf1 Ne7 20. N3d2 Ng6 21. Bg3 c6 22. Nb3 Bb6 23. Nfd2 d5 24. c5 Bc7 25. f3 dxe4 26. fxe4 Re8 27. Qf3 b5 28. Qf5 Nf4 29. Qxe6 Nxe6 30. 0-0-0 bxa4 31. Na1 Nxc5 32. Kc2 Nfxe4 33. Rhg1 Nxd2 34. Rxd2 Ne4 35. Rd7 Re7 36. Rxc7 Rxc7 37. Bxe5 Rcb7 38. Bxb8 Rxb8 39. Kc1 Nf2 40. Rg3 Rd8 41. Kc2 Rd1 42. Rf3 Rxa1 43. Rxf2 a3 44. Rf5 Ke7 45. bxa3 Rxa3 46. Kb2 Ra4 47. Kb3 Ra1 48. Kb2 g6 49. Rf3 Re1 50. Kb3 Re5 51. Kc4 Ke6 52. Kd4 a4 53. c4 Ra5 54. Ra3 c5+ 55. Ke4 Ra8 56. h4 f5+ 57. gxf5+ gxf5+ 58. Kf4 Kf6 59. h5 Ra7 60. Rg3 Rg7 61. Rd3 Rg4+ 62. Kf3 Rxc4 63. Rd6+ Kg5 64. Ra6 Kxh5 65. Kg3 Rc3+ 66. Kf4 a3 67. Kxf5 c4 68. Ke4 Rd3 69. Ra4 Rg3 70. Kd4 Kh4 71. Kd5 Rg5+ 72. Ke4 Rc5 73. Kd4 Rc8 74. Kc3 Kg4 75. Rxa3 h5 76. Ra7 h4 77. Rg7+ Kh3 78. Rh7 Kg3 79. Rg7+ Kh2 80. Rh7 h3 81. Rh6 Rg8 82. Kxc4 Kg2 83. Ra6 h2 84. Ra2+ Kh3 0-1

[Event "Barcelona Sant Marti op-B 17th"]
[Site "Barcelona"]
[Date "2015.07.17"]
[Round "5"]
[White "Riu Lopez, Sergio"]
[Black "Garcia Ruiz, Adrian"]
[Result "1-0"]
[WhiteElo "2018"]
[BlackElo "2044"]
[PlyCount "101"]
[EventDate "2015.07.13"]
[EventType "swiss"]
[EventRounds "9"]
[EventCountry "ESP"]
[SourceTitle "EXT 2016"]
[Source "ChessBase"]
[SourceDate "2015.10.08"]
[SourceVersion "1"]
[SourceVersionDate "2015.10.08"]
[SourceQuality "1"]

1. e4 c5 2. Nf3 d6 3. d4 cxd4 4. Nxd4 Nf6 5. Nc3 a6 6. Be3 e6 7. Be2 Be7 8. 0-0 Qc7 9. f4 Nc6 10. Qe1 Nxd4 11. Bxd4 e5 12. Be3 exf4 13. Bxf4 Be6 14. Kh1 Nd7 15. Qg3 g6 16. Rad1 Ne5 17. a3 0-0 18. Rd2 Rfd8 19. Rfd1 Bf8 20. h3 Bg7 21. Qf2 b5 22. Bf1 Rac8 23. Nd5 Bxd5 24. Rxd5 Qxc2 25. Qxc2 Rxc2 26. Bxe5 Bxe5 27. Rxe5 Rxb2 28. Red5 Ra2 29. R1d3 Ra1 30. Kg1 f6 31. Kf2 Kf7 32. Be2 Ke7 33. Rc3 Ke6 34. Rdd3 f5 35. exf5+ Kxf5 36. Rc7 h5 37. Ra7 Ke5 38. Rxa6 b4 39. axb4 Rxa6 40. Re3+ Kd4 41. Bxa6 d5 42. Ke2 Rd6 43. Rd3+ Ke4 44. Bb7 Ke5 45. Rxd5+ Rxd5 46. Bxd5 Kxd5 47. Kd3 g5 48. g3 h4 49. g4 Ke5 50. Ke3 Kd5 51. b5 1-0

[Event "Barcelona Sant Marti op-B 17th"]
[Site "Barcelona"]
[Date "2015.07.14"]
[Round "2"]
[White "Rodriguez Isern, Bernat"]
[Black "Riu Lopez, Sergio"]
[Result "1/2-1/2"]
[WhiteElo "1936"]
[BlackElo "2018"]
[PlyCount "89"]
[EventDate "2015.07.13"]
[EventType "swiss"]
[EventRounds "9"]
[EventCountry "ESP"]
[SourceTitle "EXT 2016"]
[Source "ChessBase"]
[SourceDate "2015.10.08"]
[SourceVersion "1"]
[SourceVersionDate "2015.10.08"]
[SourceQuality "1"]

1. e4 e5 2. Nf3 Nc6 3. Bc4 Bc5 4. 0-0 Nf6 5. d3 h6 6. Nc3 d6 7. h3 0-0 8. Be3 Bb6 9. Qd2 Be6 10. Bb3 d5 11. Bxb6 axb6 12. exd5 Nxd5 13. Rfe1 f6 14. Nxd5 Bxd5 15. Qe2 Bxb3 16. axb3 Nd4 17. Nxd4 Qxd4 18. c3 Qd5 19. b4 Rxa1 20. Rxa1 Rd8 21. Ra7 Qxd3 22. Qxd3 Rxd3 23. Rxb7 Rd1+ 24. Kh2 Rd7 25. Kg3 f5 26. Kf3 Kf7 27. c4 Ke6 28. c5 bxc5 29. bxc5 Kd5 30. b4 g5 31. Rb8 Kc4 32. Ke2 e4 33. f3 exf3+ 34. Kxf3 Rd3+ 35. Ke2 Rb3 36. Rc8 Rxb4 37. Rxc7 Kd5 38. c6 Rc4 39. Rf7 Rxc6 40. Rxf5+ Ke4 41. Rf3 Rc2+ 42. Kf1 h5 43. Rf8 Ke3 44. Rf3+ Ke4 45. Rf8 1/2-1/2

[Event "Barcelona Sant Marti op-B 17th"]
[Site "Barcelona"]
[Date "2015.07.13"]
[Round "1"]
[White "Riu Lopez, Sergio"]
[Black "Bernat Pascual, Magi"]
[Result "1-0"]
[WhiteElo "2018"]
[BlackElo "1850"]
[PlyCount "113"]
[EventDate "2015.07.13"]
[EventType "swiss"]
[EventRounds "9"]
[EventCountry "ESP"]
[SourceTitle "EXT 2016"]
[Source "ChessBase"]
[SourceDate "2015.10.08"]
[SourceVersion "1"]
[SourceVersionDate "2015.10.08"]
[SourceQuality "1"]

1. e4 c6 2. d4 d5 3. exd5 cxd5 4. c4 Nf6 5. Nc3 e6 6. Nf3 Nc6 7. Bd3 Bd6 8. c5 Be7 9. 0-0 0-0 10. Bf4 Bd7 11. a3 a5 12. Na4 Nh5 13. Bd2 Qc7 14. Nb6 Rad8 15. Ne5 Nxe5 16. Bxh7+ Kxh7 17. Qxh5+ Kg8 18. Qxe5 Qxe5 19. dxe5 Bxc5 20. Bxa5 Bd4 21. Nxd5 exd5 22. Bxd8 Rxd8 23. Rad1 Bxb2 24. Rxd5 Kf8 25. a4 Ke7 26. Rb1 Bc3 27. Rxb7 f6 28. exf6+ Bxf6 29. Rd1 Ke6 30. a5 Bc6 31. Rxd8 Bxb7 32. Rb8 Bd5 33. a6 Bd4 34. g3 Bc4 35. Rc8 Bb5 36. Rc7 Bd3 37. a7 Be4 38. Kf1 Kd6 39. Rf7 Bd5 40. Rf4 Bxa7 41. Rg4 Ke6 42. Rxg7 Bd4 43. Rg6+ Kf5 44. Rd6 Bc4+ 45. Kg2 Be5 46. Rb6 Bd4 47. Rb4 Bd5+ 48. f3 Bf6 49. g4+ Kg6 50. Kg3 Be5+ 51. f4 Bc7 52. Rb5 Be6 53. Rb7 Ba5 54. f5+ Kf6 55. fxe6 Kxe6 56. g5 Kf5 57. Rb5+ 1-0

[Event "Foment Martinenc op-B 17th"]
[Site "Barcelona"]
[Date "2015.05.16"]
[Round "4"]
[White "Riu Lopez, Sergio"]
[Black "Romero Gamez, Francisco Javier"]
[Result "1-0"]
[WhiteElo "2023"]
[BlackElo "1840"]
[PlyCount "53"]
[EventDate "2015.04.25"]
[EventType "swiss"]
[EventRounds "9"]
[EventCountry "ESP"]
[SourceTitle "EXT 2017"]
[Source "ChessBase"]
[SourceDate "2016.10.25"]
[SourceVersion "1"]
[SourceVersionDate "2016.10.25"]
[SourceQuality "1"]

1. e4 c5 2. Nf3 d6 3. d4 cxd4 4. Nxd4 Nf6 5. Nc3 a6 6. Be3 e5 7. Nb3 Be6 8. Be2 Be7 9. 0-0 0-0 10. h3 Nc6 11. a4 d5 12. exd5 Nxd5 13. Nxd5 Qxd5 14. Qxd5 Bxd5 15. Nc5 Bxc5 16. Bxc5 Rfe8 17. Rfd1 Be6 18. b4 Rad8 19. b5 Rxd1+ 20. Rxd1 axb5 21. axb5 Nb8 22. Bd6 f6 23. Bf3 Bc4 24. Bxb7 Bxb5 25. Bd5+ Kh8 26. Bxb8 Rxb8 27. Rb1 1-0

[Event "Foment Martinenc op-B 17th"]
[Site "Barcelona"]
[Date "2015.04.25"]
[Round "1"]
[White "Riu Lopez, Sergio"]
[Black "Gonzalez Alonso, Marti"]
[Result "1/2-1/2"]
[WhiteElo "2023"]
[BlackElo "1886"]
[PlyCount "137"]
[EventDate "2015.04.25"]
[EventType "swiss"]
[EventRounds "9"]
[EventCountry "ESP"]
[SourceTitle "EXT 2017"]
[Source "ChessBase"]
[SourceDate "2016.10.25"]
[SourceVersion "1"]
[SourceVersionDate "2016.10.25"]
[SourceQuality "1"]

1. e4 e5 2. Nf3 Nf6 3. Nc3 Nc6 4. Bb5 d6 5. d4 Bd7 6. 0-0 Nxd4 7. Nxd4 exd4 8. Bxd7+ Qxd7 9. Qxd4 c5 10. Qd3 0-0-0 11. a3 d5 12. exd5 Nxd5 13. b4 cxb4 14. axb4 Nxb4 15. Qxd7+ Rxd7 16. Rxa7 Kb8 17. Ra5 Bd6 18. Nb5 Nc6 19. Ra4 Re8 20. Nxd6 Rxd6 21. Bf4 Ne5 22. Rfa1 Kc7 23. Ra5 Rde6 24. f3 Kc6 25. R5a3 Nc4 26. Rc3 Kc5 27. Ra4 b5 28. Ra7 Re1+ 29. Kf2 R1e2+ 30. Kg3 R2e7 31. Rxe7 Rxe7 32. Rd3 b4 33. Kf2 Ne5 34. Rd8 f6 35. Be3+ Kb5 36. Rb8+ Kc4 37. Bd2 Nc6 38. Rc8 Kb5 39. Ra8 Kc4 40. Rc8 Kb5 41. Be3 Rb7 42. Ke2 Rd7 43. Bf2 Nd4+ 44. Bxd4 Rxd4 45. Rc7 Rh4 46. h3 g5 47. Kd3 h6 48. Rc8 Rf4 49. Rd8 h5 50. Rd5+ Ka4 51. Kd2 h4 52. Rd6 Kb5 53. Kd3 Kc5 54. Rd8 Kb5 55. Rb8+ Kc5 56. c3 bxc3 57. Kxc3 Kd5 58. Kd3 Kc5 59. Rd8 Rf5 60. Ra8 Rf4 61. Ke3 Kd5 62. Ra5+ Ke6 63. Ra8 Kd6 64. Re8 Rf5 65. Re4 Re5 66. f4 Rxe4+ 67. Kxe4 Ke6 68. f5+ Kd6 69. Kd4 1/2-1/2

[Event "Barcelona Sant Marti op-B 16th"]
[Site "Barcelona"]
[Date "2014.07.21"]
[Round "9"]
[White "Riu Lopez, Sergio"]
[Black "Calafell Marques, Josep"]
[Result "1-0"]
[WhiteElo "1882"]
[BlackElo "1950"]
[PlyCount "83"]
[EventDate "2014.07.13"]
[EventType "swiss"]
[EventRounds "9"]
[EventCountry "ESP"]
[SourceTitle "CBM 161 Extra"]
[Source "ChessBase"]
[SourceDate "2014.08.29"]
[SourceVersion "1"]
[SourceVersionDate "2014.08.29"]
[SourceQuality "1"]

1. e4 c5 2. Nf3 d6 3. d4 cxd4 4. Nxd4 Nf6 5. Nc3 a6 6. Be3 b5 7. f3 e6 8. Qd2 Bd7 9. Be2 b4 10. Nd1 e5 11. Nb3 Nc6 12. 0-0 a5 13. Bc4 Be7 14. c3 0-0 15. cxb4 axb4 16. Nf2 Qb8 17. Rfd1 Be6 18. Rac1 Na5 19. Nxa5 Rxa5 20. b3 Qa8 21. Bxe6 fxe6 22. Qxb4 Rb8 23. Qc4 d5 24. Qc7 Kf7 25. exd5 Nxd5 26. Qxe5 Nxe3 27. Qxe3 Rxa2 28. Qf4+ Kg8 29. Rc7 Bf6 30. Rdd7 Ra1+ 31. Nd1 Kh8 32. Qc4 Bd8 33. Qc3 Rxd1+ 34. Rxd1 Bxc7 35. Qxc7 h6 36. Qe7 Rxb3 37. Rd8+ Qxd8 38. Qxd8+ Kh7 39. Qc8 Rb6 40. Kf2 Kg6 41. Qe8+ Kf6 42. Qd8+ 1-0

[Event "Barcelona Sant Marti op-B 16th"]
[Site "Barcelona"]
[Date "2014.07.17"]
[Round "5"]
[White "Petit Montes, Marc"]
[Black "Riu Lopez, Sergio"]
[Result "1-0"]
[WhiteElo "2040"]
[BlackElo "1882"]
[PlyCount "79"]
[EventDate "2014.07.13"]
[EventType "swiss"]
[EventRounds "9"]
[EventCountry "ESP"]
[SourceTitle "CBM 161 Extra"]
[Source "ChessBase"]
[SourceDate "2014.08.29"]
[SourceVersion "1"]
[SourceVersionDate "2014.08.29"]
[SourceQuality "1"]

1. e4 e5 2. Nf3 Nc6 3. d4 exd4 4. Nxd4 Qh4 5. Nc3 Nf6 6. g3 Qh5 7. Qxh5 Nxh5 8. Ndb5 Nb4 9. Nxc7+ Kd8 10. Nxa8 Nxc2+ 11. Kd1 Nxa1 12. Be2 Nf6 13. e5 Ng8 14. Nd5 d6 15. Bg5+ Be7 16. Nxe7 Nxe7 17. exd6 f6 18. dxe7+ Kxe7 19. Be3 Rd8+ 20. Kc1 Bf5 21. Bc5+ Kf7 22. g4 Rxa8 23. gxf5 Rc8 24. Bc4+ Ke8 25. Re1+ Kd8 26. Rd1+ Ke8 27. Bb5+ Kf7 28. Rd7+ Kg8 29. Bc4+ Kh8 30. Rxb7 h6 31. Kb1 Rd8 32. Be3 a5 33. b3 a4 34. Kxa1 a3 35. Kb1 h5 36. Kc2 h4 37. Ra7 h3 38. Rxa3 g6 39. fxg6 f5 40. Ra7 1-0

[Event "Barcelona Sant Marti op-B 16th"]
[Site "Barcelona"]
[Date "2014.07.15"]
[Round "3"]
[White "Izquierdo Pujol, Pol"]
[Black "Riu Lopez, Sergio"]
[Result "0-1"]
[WhiteElo "1721"]
[BlackElo "1882"]
[PlyCount "24"]
[EventDate "2014.07.13"]
[EventType "swiss"]
[EventRounds "9"]
[EventCountry "ESP"]
[SourceTitle "CBM 161 Extra"]
[Source "ChessBase"]
[SourceDate "2014.08.29"]
[SourceVersion "1"]
[SourceVersionDate "2014.08.29"]
[SourceQuality "1"]

1. e4 e5 2. Nc3 Nc6 3. f4 Bb4 4. fxe5 Bxc3 5. bxc3 Qh4+ 6. Ke2 Qxe4+ 7. Kf2 Nxe5 8. Nf3 Ng4+ 9. Kg1 Ne5 10. Nxe5 Qxe5 11. d4 Qe6 12. Ba3 Qe3# 0-1

[Event "Foment Martinenc op-B 16th"]
[Site "Barcelona"]
[Date "2014.06.21"]
[Round "9"]
[White "Riu Lopez, Sergio"]
[Black "Calbet Freixanet, Eduard"]
[Result "1/2-1/2"]
[WhiteElo "1863"]
[BlackElo "1886"]
[PlyCount "42"]
[EventDate "2014.04.26"]
[EventType "swiss"]
[EventRounds "9"]
[EventCountry "ESP"]
[SourceTitle "EXT 2015"]
[Source "ChessBase"]
[SourceDate "2014.11.20"]
[SourceVersion "1"]
[SourceVersionDate "2014.11.20"]
[SourceQuality "1"]

1. e4 e6 2. d4 d5 3. exd5 exd5 4. c4 c6 5. Nc3 Nf6 6. Nf3 Bd6 7. Bg5 Be6 8. cxd5 cxd5 9. Bb5+ Nc6 10. Ne5 Rc8 11. Qa4 0-0 12. Nxc6 bxc6 13. Bxc6 Qc7 14. Bxf6 Qxc6 15. Qxc6 Rxc6 16. Bg5 Bb4 17. Bd2 Rfc8 18. 0-0 Rc4 19. a3 Rxd4 20. Nxd5 Rxd2 21. Nxb4 Rxb2 1/2-1/2